Datum a čas kvízu
26
Celkem bodů
Celkový počet nahraných bodů na tomto kvízu bez doplňovacích otázek.
9.
Pořadí na kvízu
Konečné umístění týmu na tomto kvízu.
Zaznamenané odpovědi
| # | Otázka | Odpověď | Body | Výsledky |
|---|---|---|---|---|
| 1. | Zástupci Rady řemeslných cechů... | 1 | ||
| 2. | Sopka Sinabung s nadmořskou vý... | 0 | ||
| 3. | České herní studio Warhorse pr... | 1 | ||
| 4. | Z britských obrazovek musela z... | 0 | ||
| 5. | Napište výsledek sobotního utk... | 0 | ||
| 6. | Jistě se mezi Vámi najde mnoho... | 1 | ||
| 7. | Čemu nebo komu se ve vodáckém... | 1 | ||
| 8. | Silný provaz, který se dá využ... | 1 | ||
| 9. | Část řeky, kde voda teče velmi... | 1 | ||
| 10. | Kanoistům se mezi vrcholovými... | 1 |